Statistics for Countries With The Most Saffron Production

Click here to take the quiz!

General Stats

  • This quiz has been taken 40 times
  • The average score is 5 of 9

Answer Stats

Yearly Saffron Production (Tons)Country% Correct
22.0India
86%
1.0China
83%
430.0Iran
80%
2.3Spain
69%
1.0Italy
49%
6.0Afghanistan
46%
7.2Greece
46%
2.6Morocco
46%
0.23Azerbaijan
11%

Score Distribution

Percentile by Number Answered

Percent of People with Each Score

Your Score History

You have not taken this quiz